[Event "DVM U20 2014"]
[Site "Naumburg (Saale) GER"]
[Date "2014.12.27"]
[Round "2"]
[White "Shevelko, Alexander"]
[Black "Jacob, Hannes"]
[Result "1-0"]
[Termination "normal"]
[Board "8.5"]
[WhiteElo "1643"]
[BlackElo "1878"]
[WhiteTeam "USV Potsdam"]
[BlackTeam "SV Merseburg"]
[PlyCount "83"]
[WhiteFideId "12952125"]
[BlackFideId "12910350"]
[EventCountry "GER"]
[EventRounds "7"]
[EventType "team-swiss"]
[EventDate "2014.12.26"]

1. d4 d5 2. Nf3 Nf6 3. g3 e6 4. Bg2 Be7 5. c4 O-O 6. b3 Nbd7 7. O-O c6 8. Nc3
Nb6 9. Qd3 h6 10. Ne5 Nbd7 11. f4 a6 12. e4 dxe4 13. Nxe4 Nxe4 14. Bxe4 Nf6 15.
Bg2 Qc7 16. Be3 Rd8 17. Rad1 a5 18. g4 Bd6 19. Qe2 Nh7 20. c5 Bxe5 21. dxe5 Re8
22. Qd3 Nf8 23. h4 Ng6 24. h5 Ne7 25. Bd4 Rd8 26. Qg3 a4 27. Be4 axb3 28. axb3
Kh8 29. g5 Rg8 30. Kh1 Bd7 31. Qh4 Nd5 32. gxh6 Qd8 33. hxg7+ Rxg7 34. Qh2 Ra3
35. Rg1 Rxb3 36. Rxg7 Kxg7 37. h6+ Kh8 38. Rg1 Ne7 39. Qg2 Qf8 40. Qh2 Rb4 41.
Qh4 Ng6 42. Qf6+ 1-0